Faculty of Law Library — Cairo University

Official Online Catalog

Le Contentieux Des Impôts Directs Dans Sa Phase Administrative / (Record no. 75510)

MARC details
000 -LEADER
fixed length control field 00997nam a2200301 i 4500
003 - CONTROL NUMBER IDENTIFIER
control field EG-GICUC
005 - DATE AND TIME OF LATEST TRANSACTION
control field 20260504152816.0
008 - FIXED-LENGTH DATA ELEMENTS--GENERAL INFORMATION
fixed length control field 260504s1938 fr a|||fr|||| 000 0 Fre d
040 ## - CATALOGING SOURCE
Original cataloging agency EG-GiCUC
Language of cataloging fre
Transcribing agency EG-GiCUC
Modifying agency EG-GiCUC
Description conventions Rda
041 0# - LANGUAGE CODE
Language code of text/sound track or separate title fre
082 04 - DEWEY DECIMAL CLASSIFICATION NUMBER
Edition number 21
Classification number 345.82227
Item number CH . C
092 04 - LOCALLY ASSIGNED DEWEY CALL NUMBER (OCLC)
Edition number 21
099 ## - LOCAL FREE-TEXT CALL NUMBER (OCLC)
Classification number Law 07 345.82227 CH . C 1938
100 1# - MAIN ENTRY--PERSONAL NAME
Personal name Chaudat, Georges.
Relator term Auteur
245 10 - TITLE STATEMENT
Title Le Contentieux Des Impôts Directs Dans Sa Phase Administrative /
Statement of responsibility, etc. Par Georges Chaudat; Préface De M. Louis Trotabas.
264 #1 - PRODUCTION, PUBLICATION, DISTRIBUTION, MANUFACTURE, AND COPYRIGHT NOTICE
Place of production, publication, distribution, manufacture Paris:
Name of producer, publisher, distributor, manufacturer Librairie Dalloz,
Date of production, publication, distribution, manufacture, or copyright notice 1938.
300 ## - PHYSICAL DESCRIPTION
Extent 291 Page :
Other physical details Tableaux ;
Dimensions 24 cm.
336 ## - CONTENT TYPE
Source rda contenu
Content type term texte
337 ## - MEDIA TYPE
Source rda medias
Media type term Ordinateur
338 ## - CARRIER TYPE
Source transporteur rda
Carrier type term Ressource en ligne
546 ## - LANGUAGE NOTE
Language note Texte en français
650 1# - SUBJECT ADDED ENTRY--TOPICAL TERM
Topical term or geographic name entry element Droit Administratif
651 1# - SUBJECT ADDED ENTRY--GEOGRAPHIC NAME
Source of heading or term qrmak
700 1# - ADDED ENTRY--PERSONAL NAME
Personal name Trotabas, Louis.
Relator term Préfacier
856 40 - ELECTRONIC LOCATION AND ACCESS
Uniform Resource Identifier <a href="https://fll.law.cu.edu.eg/fulltext/bks/B07-06243.pdf">https://fll.law.cu.edu.eg/fulltext/bks/B07-06243.pdf</a>
905 ## - Cataloger and Reviser Names
Cataloger Name: Hoda
942 ## - ADDED ENTRY ELEMENTS (KOHA)
Source of classification or shelving scheme Dewey Decimal Classification
Suppress in OPAC No
Koha item type Books
Edition 21
Holdings
Withdrawn status Lost status Source of classification or shelving scheme Damaged status Not for loan Collection Home library Current library Date acquired Total checkouts Full call number Barcode Date last seen Copy number Price effective from Koha item type
    Dewey Decimal Classification   Not for loan القانون الإداري جــــامعة القــاهرة مكتبة كلية الحقوق - المبنى الرئيسي 04.05.2026   Law1 07 345.82227 CH . C 1938 0706243 C1 B07-06243 04.05.2026 1 04.05.2026 Books

© All rights reserved — Faculty of Law, Cairo University

Implemented and Customized by: Eng. M. Mohamady